Music Quiz

Random Music or Bands Quiz
Score 0/30 Timer 10:00
0 Plays Today
% Correct
The Beatles
92.8%
Coldplay
88%
The Rolling Stones
86.4%
Queen
81.1%
Wham!
81%
The Who
63.1%
Duran Duran
59.1%
The Smiths
58.6%
Led Zeppelin
57.4%
The Cure
52.9%
The Clash
49.5%
Radiohead
47.8%
Mumford and Sons
40.4%
Pet Shop Boys
40.4%
Faces
39%
% Correct
Adam and the Ants
38.7%
The Kinks
37.7%
Muse
36.8%
Black Sabbath
34.3%
Pulp
33.4%
Slade
33.2%
The Verve
32.9%
Pink Floyd
32.8%
Spandau Ballet
30.7%
Judas Priest
29.2%
T. Rex
28.2%
Cream
27.5%
The Specials
24.9%
Electric Light Orchestra
23.5%
Happy Mondays
20%
Come Together.
Have Fun.
All Virtual.
We all need to come together. Play Sporcle's virtual live trivia to have fun, connect with people, and get your trivia on. Join a live hosted trivia game for your favorite pub trivia experience done virtually. If a virtual private party is more your thing, go here for details.

You're not logged in!

Compare scores with friends on all Sporcle quizzes.
OR
Log In

Sporcle TV

Today on Sporcle TV


Watch our educational content, quiz creation guides, and fun videos on Sporcle TV.

Show Comments

Extras

Top Quizzes Today


Score Distribution

Paid Content

Your Account Isn't Verified!

In order to create a playlist on Sporcle, you need to verify the email address you used during registration. Go to your Sporcle Settings to finish the process.

Report this User

Report this user for behavior that violates our Community Guidelines.

Details: